02495nam a2200325 a 4500090002100000041000800021110008100029245023400110260006000344300001000404505007400414505012900488505013300617505018800750505011500938505008301053505003601136520060601172650002601778650002501804650004001829650002001869650002301889650001901912650003101931650004001962662004002002773011202042999001502154 aIAVHb00765 CD-1 aspa bAsociación de Centros Educativos del Cañón del río Garrapatas992509 aConsolidación del proceso de conservación comunitaria de la biodiversidad de la Reserva La Alejandría de la vereda La Hondura, municipio El Dovio, para ayudar a frenar el deterioro del ecosistema del Chocó biogeográfico aBogotábInstituto Alexander von HumboldtbACERGc2006 a97 p. aProducto 1: Escritura de los predios de los bosques de La Alendría aProducto 2: Carta de aprobación de afiliación a la Asociación de Centros Educativos del Cañón del Río Garrapatas aProducto 3: Comodato en el que la Alcaldía de El Dovio le hace entrega de la reserva a ACERG para su manejo y administración aProducto 4: Convenio de alianza estratégica suscrito entre la Alcaldía de El Dovio, la NG ACERG y la comunidad de la vereda LA HONDURA para el manejo de la reserva La Alejandría aDocumento 5: Documento con la caracterización de aves, mamíferos y árboles de la reserva La Alejandría aProducto 6: Documento Plan de Manejo Comunitario de la Reserva la Alejandría aProducto 7: Mapas de la Reserva aEste informe presenta en primer lugar una Caracterización de la Reserva La Alejandríam que incluye: a. Inventario y descripción de aves; b. Inventario preliminar de mamíferos encontrados en la Reserva La Alejandría sus bosques anexos; c. Inventario de árboles encontrados en la Reserva la Alejandría y sus bosques anexos. En segundo lugar se presenta el Plan de Trabajo Comunitario que comprende: antecedentes, ubicación geográfica, idetificación de objetivos de conservación, matriz DOFA, situaciones priorizadas, Plan de manejo: estrategias, actividades y actores responsables. aConservación992401 aBiodiversidad992204 aCaracterización biológica92833 aAvifauna992441 aMamíferos992510 aArboles992511 aEducación ambiental9162 aRecuperación de ecosistemas93503 cColombiadEl DoviobValle del Cauca0 0598699704abdBogotá Informatica documental 2007o024802tInformes de investigaciones IAVH en PDFwxz c6023d6023